000 00266nam a2200109Ia 4500
001 1272198
005 20260417151424.0
008 260417s9999 xx 000 0 und d
020 _a9786257854610
245 0 _aPostacı Fero
_cDidem Demirel
260 _bKetebe Çocuk
999 _c1272198
_d1272198